000 00334nam a22001457a 4500
008 210528b ||||| |||| 00| 0 eng d
020 _a0500233330
041 _aeng
080 _a32
082 _a32
100 _a20
101 _aPOL
245 _aA Concise Encyclopaedia of the Italian Renaissance
_cHale,J.R
942 _2udc
_cBK
999 _c57765
_d57765